[Event "Mechanics' Summer TNM; 30/90, SD/30"]
[Site "San Francisco"]
[Date "2012.05.29"]
[Round "2.20"]
[White "Hilliard, Michael"]
[Black "Sherwood, Peter"]
[Result "0-1"]
[WhiteElo "1511"]
[BlackElo "1782"]
[PlyCount "118"]
[EventDate "2012.??.??"]

1. d4 d5 2. Nf3 Nf6 3. e3 e6 4. Bd3 c5 5. c3 Nc6 6. Nbd2 Bd6 7. O-O O-O 8. Re1
e5 9. dxc5 Bxc5 10. e4 d4 11. Nc4 Bg4 12. Bg5 b5 13. Bxf6 Qxf6 14. Ncd2 a6 15.
Rc1 dxc3 16. bxc3 Rfd8 17. Qc2 Rac8 18. Be2 Bb6 19. Nf1 Bxf3 20. Bxf3 Nb4 21.
Qb3 Nd3 22. Red1 Nxc1 23. Rxc1 Rd3 24. Qb2 Qc6 25. Bg4 Rcd8 26. Bf3 Qg6 27. Qe2
Qg5 28. Rc2 Qf4 29. c4 bxc4 30. Rxc4 Qf6 31. h3 Qd6 32. Qc2 Qb8 33. Rc6 R3d6
34. Rc3 g6 35. Rb3 Rc8 36. Qe2 Qc7 37. Ne3 Bxe3 38. Qxe3 Qc1+ 39. Qxc1 Rxc1+
40. Kh2 Rc2 41. Ra3 Rxf2 42. Kg3 Rfd2 43. Ra5 f6 44. a3 Kf7 45. Rc5 Ke7 46.
Rc7+ Rd7 47. Rc6 R2d6 48. Rc8 Rd3 49. a4 a5 50. Ra8 Kd6 51. Ra6+ Ke7 52. Rxa5
Ra3 53. Ra6 f5 54. Kh4 Rd4 55. Kg5 fxe4 56. Bg4 Raxa4 57. Re6+ Kf7 58. Rf6+ Kg7
59. Be6 h6+ 0-1

[Event "Mechanics' Fall TNM; 30/90, SD/30"]
[Site "San Francisco"]
[Date "2012.10.23"]
[Round "2.19"]
[White "Hilliard, Michael"]
[Black "Standen, Julian"]
[Result "1/2-1/2"]
[WhiteElo "1460"]
[BlackElo "1725"]
[PlyCount "120"]
[EventDate "2012.??.??"]

1. d4 d5 2. Nf3 Nf6 3. e3 Bf5 4. c4 c6 5. Nc3 e6 6. Qb3 Qb6 7. Qa4 Be7 8. cxd5
exd5 9. a3 O-O 10. b4 Nbd7 11. Qd1 Rfe8 12. Bd3 Bxd3 13. Qxd3 Bf8 14. O-O g6
15. Rb1 Qd8 16. Bd2 Ne4 17. Rfc1 Nxc3 18. Rxc3 Bd6 19. Re1 a6 20. e4 dxe4 21.
Rxe4 Rxe4 22. Qxe4 Nf6 23. Qe2 Nd5 24. Rc1 Qe8 25. Re1 Nf6 26. Bg5 Qxe2 27.
Rxe2 Re8 28. Rxe8+ Nxe8 29. Kf1 f6 30. Be3 Nc7 31. Ke2 Kf7 32. Kd3 Ke6 33. g3
Nd5 34. Bd2 Kf5 35. h3 Ke6 36. Ke4 Nc7 37. Kd3 Nb5 38. Bc1 Kd5 39. Bb2 Bc7 40.
Nd2 Nd6 41. Nf1 Nc4 42. Bc1 Bb6 43. Ne3+ Nxe3 44. Bxe3 a5 45. f4 axb4 46. axb4
Bc7 47. Bf2 Bd6 48. Be1 Be7 49. Bd2 f5 50. Be1 g5 51. fxg5 Bxg5 52. g4 fxg4 53.
hxg4 Bc1 54. Bh4 Bb2 55. Bf2 Ba3 56. Be1 b6 57. Bc3 Bc1 58. Be1 Bb2 59. Bf2 b5
60. Be3 Ba3 1/2-1/2

[Event "Mechanics' Mar TNM; 30/90, SD/30"]
[Site "San Francisco"]
[Date "2012.07.31"]
[Round "1.11"]
[White "Hilliard, Michael"]
[Black "Todortsev, Victor"]
[Result "0-1"]
[WhiteElo "1494"]
[BlackElo "1950"]
[PlyCount "30"]
[EventDate "2012.??.??"]

1. d4 d5 2. Nf3 Nf6 3. e3 e6 4. Nbd2 c5 5. c3 Nc6 6. Bd3 Bd6 7. O-O O-O 8. Re1
e5 9. dxe5 Nxe5 10. Nxe5 Bxe5 11. Nf3 Bc7 12. c4 Bg4 13. cxd5 Qxd5 14. Be2 Qh5
15. Nd2 Qxh2+ 0-1

[Event "Mechanics' Spring TNM; 30/90, SD/30"]
[Site "San Francisco"]
[Date "2012.04.24"]
[Round "7.25"]
[White "Hilliard, Michael"]
[Black "Wishard, Bruce"]
[Result "0-1"]
[WhiteElo "1535"]
[BlackElo "1370"]
[PlyCount "60"]
[EventDate "2012.??.??"]

1. d4 d5 2. Nf3 Nc6 3. e3 Nf6 4. c3 Bf5 5. Bd3 Bg6 6. Nbd2 $4 Bxd3 7. Nb3 Be4
8. Nc5 Qc8 9. O-O e6 10. Re1 b6 11. Nxe4 Nxe4 12. Re2 Bd6 13. Ne1 O-O 14. f3
Nf6 15. e4 dxe4 16. fxe4 e5 17. d5 Ne7 18. b4 Ng6 19. Bg5 Be7 20. Bxf6 Bxf6 21.
Rf2 Nf4 22. Nd3 Nxd3 23. Qxd3 Qd8 24. Raf1 Be7 25. Qh3 h6 26. Qg4 Bg5 27. Rf3
f6 28. h4 f5 29. Rxf5 Rxf5 30. Rxf5 Bxh4 0-1

[Event "Mechanics' Winter TNM; 30/90, SD/30"]
[Site "San Francisco"]
[Date "2012.01.24"]
[Round "4.17"]
[White "Hua, Arnold"]
[Black "Salvo, Tab"]
[Result "1-0"]
[WhiteElo "1990"]
[BlackElo "1714"]
[Annotator "Donaldson"]
[PlyCount "31"]
[EventDate "2012.??.??"]

1. e4 c5 2. Nf3 d6 3. d4 cxd4 4. Nxd4 Nf6 5. Nc3 a6 6. Bg5 Nbd7 7. Bc4 b5 $2 8.
Bb3 (8. Bd5) 8... Bb7 9. Qe2 b4 $2 (9... e6) 10. Nd5 (10. Qc4 {
wins pawn but the text is good as well.}) 10... Bxd5 $2 (10... e6) 11. exd5 Nc5
12. O-O Nxb3 13. axb3 Nxd5 14. Qe4 Nf6 $2 (14... Nc7) 15. Bxf6 gxf6 $2 (15...
d5) 16. Qc6+ 1-0

[Event "Mechanics' Summer TNM; 30/90, SD/30"]
[Site "San Francisco"]
[Date "2012.05.22"]
[Round "1.11"]
[White "Jacokes, Brian"]
[Black "Krasnov, Steven"]
[Result "1/2-1/2"]
[WhiteElo "1576"]
[BlackElo "1994"]
[Annotator "Donaldson"]
[PlyCount "131"]
[EventDate "2012.??.??"]

1. e4 c5 2. Nf3 e6 3. d4 cxd4 4. Nxd4 Nc6 5. Be3 Nf6 6. Nd2 a6 7. Bc4 Qc7 8.
Bb3 b5 9. O-O h5 10. Nxc6 dxc6 11. f3 Bd6 12. f4 Ng4 13. Qf3 O-O 14. e5 Nxe3
15. Qxe3 Be7 16. Qh3 g6 17. Ne4 c5 18. c3 Bb7 19. Rae1 Rad8 20. Qg3 Bxe4 21.
Rxe4 Rd2 22. f5 (22. Bxe6 Kh8 23. f5 fxe6 24. Qe3 $11) 22... Qc6 (22... c4) 23.
Ref4 exf5 24. Rxf5 c4 25. Bd1 h4 26. Qg4 Rxb2 27. Bf3 Qe6 28. Rxf7 Qxg4 29.
Rxf8+ Bxf8 30. Bxg4 Bc5+ 31. Kh1 Rxa2 32. g3 hxg3 33. hxg3 Bf2 34. Bc8 Bxg3 35.
e6 Bd6 36. Rf6 Kg7 $2 (36... g5) (36... b4) 37. Rf7+ Kh6 38. e7 Re2 39. Bxa6
Bxe7 40. Bxb5 Re4 41. Bxc4 Rxc4 42. Rxe7 Rxc3 {
This ending is unloseable for White.} 43. Kg2 Kg5 44. Rb7 Kh5 45. Rb5+ g5 46.
Ra5 Kh4 47. Ra8 Rc2+ 48. Kg1 g4 49. Ra7 Kh3 50. Ra3+ g3 51. Ra1 Re2 52. Rb1
Rg2+ 53. Kh1 Rf2 54. Kg1 Rf4 55. Ra1 Re4 56. Rb1 Re3 57. Ra1 Kg4 58. Kg2 Re2+
59. Kg1 Kf3 60. Rf1+ Kg4 61. Ra1 Kh3 62. Rb1 Re3 63. Kh1 g2+ 64. Kg1 Kg3 65.
Ra1 Kf3 66. Rb1 1/2-1/2

[Event "Mechanics' Summer TNM; 30/90, SD/30"]
[Site "San Francisco"]
[Date "2012.07.03"]
[Round "7.10"]
[White "Jacokes, Brian"]
[Black "Royzen, Igor"]
[Result "0-1"]
[WhiteElo "1576"]
[BlackElo "1851"]
[PlyCount "58"]
[EventDate "2012.??.??"]

1. Nf3 d5 2. g3 Nf6 3. Bg2 Bf5 4. d3 e6 5. O-O h6 6. Nbd2 Be7 7. Re1 O-O 8. b3
c5 9. Bb2 Nc6 10. e4 Bh7 11. e5 Nd7 12. a3 b5 13. Qe2 Nb6 14. Nf1 c4 15. N3d2
Rc8 16. bxc4 bxc4 17. dxc4 Nxc4 18. Nxc4 dxc4 19. Rad1 Qb6 20. Bc1 Bc5 21. c3
Rfd8 22. Rxd8+ Rxd8 23. Qf3 Na5 24. Ne3 Qb3 25. Ng4 h5 26. Nh6+ gxh6 27. Bxh6
Be7 28. Qxh5 Qxc3 29. Qg4+ Bg6 0-1

[Event "Mechanics' Summer TNM; 30/90, SD/30"]
[Site "San Francisco"]
[Date "2012.07.10"]
[Round "8.16"]
[White "Jacokes, Brian"]
[Black "Sherwood, Peter"]
[Result "0-1"]
[WhiteElo "1576"]
[BlackElo "1782"]
[PlyCount "48"]
[EventDate "2012.??.??"]

1. e4 c5 2. Nf3 d6 3. d4 cxd4 4. Nxd4 Nf6 5. Nc3 a6 6. Be3 e5 7. Nb3 Be6 8. f3
Be7 9. Nd5 Nxd5 10. exd5 Bf5 11. Bd3 Bg6 12. Qd2 Nd7 13. O-O-O Nf6 14. Bxg6
hxg6 15. Qb4 Qc7 16. Bb6 Qd7 17. a4 Rc8 18. g4 Rh3 19. g5 Qf5 20. Qd2 Nxd5 21.
Nd4 exd4 22. Bxd4 Nb4 23. Bc3 Bxg5 24. Rhe1+ Kd7 0-1

[Event "Mechanics' Spring TNM; 30/90, SD/30"]
[Site "San Francisco"]
[Date "2012.03.20"]
[Round "2.8"]
[White "Jaffray, John"]
[Black "Abraham, Renjish"]
[Result "1-0"]
[WhiteElo "2034"]
[BlackElo "1862"]
[PlyCount "59"]
[EventDate "2012.??.??"]

1. e4 c5 2. Nf3 d6 3. d4 cxd4 4. Nxd4 Nf6 5. Nc3 a6 6. Be2 e6 7. Be3 Be7 8. O-O
Bd7 9. Kh1 O-O 10. f4 e5 11. Nb3 Qc7 12. Qd2 Bc6 13. Nd5 Bxd5 14. exd5 Nbd7 15.
c4 Ne4 16. Qc2 Nef6 17. Rac1 Rac8 18. Qd3 b6 19. Rcd1 Rfe8 20. Nd2 Rcd8 21. b3
a5 22. g4 Kh8 23. g5 Ng8 24. Ne4 f5 25. gxf6 Ngxf6 26. Ng5 e4 27. Qd4 Nf8 28.
Nf7+ Kg8 29. Nxd8 Qxd8 30. Qxb6 1-0

[Event "Mechanics' Spring TNM; 30/90, SD/30"]
[Site "San Francisco"]
[Date "2012.04.10"]
[Round "5.7"]
[White "Jaffray, John"]
[Black "Delmonico, Nils"]
[Result "0-1"]
[WhiteElo "2034"]
[BlackElo "1908"]
[PlyCount "78"]
[EventDate "2012.??.??"]

1. e4 c5 2. Nf3 e6 3. d4 cxd4 4. Nxd4 a6 5. Be3 Nf6 6. Bd3 Qc7 7. O-O d5 8.
exd5 Nxd5 9. Bg5 Bd6 10. Qh5 Nc6 11. Nxc6 Qxc6 12. Nd2 Bd7 13. Rae1 Nf4 14.
Bxf4 Bxf4 15. Nf3 g6 16. Qh4 Qc7 17. Qf6 O-O 18. Ng5 Bxg5 19. Qxg5 Qb6 20. b3
Rac8 21. Re3 Rc5 22. Qf6 Qd8 23. Qd4 Qe7 24. c4 Rd8 25. b4 Rc7 26. Qb2 Bc6 27.
b5 axb5 28. cxb5 Bd5 29. a4 b6 30. a5 bxa5 31. b6 Rb7 32. Ba6 Rbb8 33. Rb1 Qd6
34. Rc3 Be4 35. Re1 Rxb6 36. Qe2 Bxg2 37. Bb5 Bb7 38. Rd3 Bd5 39. Rc3 Qf4 0-1

[Event "Mechanics' Summer TNM; 30/90, SD/30"]
[Site "San Francisco"]
[Date "2012.05.29"]
[Round "2.15"]
[White "Jaffray, John"]
[Black "Flores, David"]
[Result "1-0"]
[WhiteElo "2031"]
[BlackElo "1432"]
[PlyCount "51"]
[EventDate "2012.??.??"]

1. e4 e5 2. Nf3 Nc6 3. Bb5 Nd4 4. Nxd4 exd4 5. d3 Bd6 6. Nd2 a5 7. a3 Qg5 8.
Bc4 Qxg2 9. Qf3 Qxf3 10. Nxf3 Ne7 11. Nxd4 g6 12. Nb5 Nc6 13. Nxd6+ cxd6 14.
Bg5 Ne5 15. Bf6 O-O 16. Bd5 Nf3+ 17. Ke2 Ne5 18. Rag1 Ra6 19. f4 Nc6 20. h4 Re8
21. h5 Ne7 22. Bxe7 Rxe7 23. hxg6 Re6 24. gxh7+ Kf8 25. h8=Q+ Ke7 26. Rg8 1-0

[Event "Mechanics' Summer TNM; 30/90, SD/30"]
[Site "San Francisco"]
[Date "2012.06.19"]
[Round "5.9"]
[White "Jaffray, John"]
[Black "Nagarajan, Pranav"]
[Result "1/2-1/2"]
[WhiteElo "2031"]
[BlackElo "1862"]
[PlyCount "109"]
[EventDate "2012.??.??"]

1. e4 c5 2. Nf3 Nc6 3. d4 cxd4 4. Nxd4 g6 5. c4 Nf6 6. Nc3 d6 7. Be2 Nxd4 8.
Qxd4 Bg7 9. Be3 O-O 10. Qd2 Be6 11. Bd4 Qa5 12. Rd1 Rfc8 13. Nd5 Qxd2+ 14. Rxd2
Nxd5 15. exd5 Bd7 16. Bxg7 Kxg7 17. O-O a6 18. Rc1 b5 19. Rdc2 bxc4 20. Bxc4
Bb5 21. b3 Rc5 22. b4 Rc7 23. Bb3 Rca7 24. f4 Rb8 25. Rc7 Rbb7 26. Rxb7 Rxb7
27. Kf2 Bd7 28. Rc4 Bb5 29. Rc3 Bd7 30. a3 Kf6 31. Ke3 a5 32. bxa5 Ra7 33. Bc4
Rxa5 34. Kd2 Bf5 35. Ke3 h5 36. Kd4 e6 37. dxe6 fxe6 38. Bd3 Ra4+ 39. Ke3 d5
40. Rb3 Bxd3 41. Rxd3 Kf5 42. g3 g5 43. fxg5 Kxg5 44. h3 Kf5 45. Kf3 e5 46.
Rxd5 Rxa3+ 47. Kf2 Ke4 48. Rb5 Ra2+ 49. Ke1 Rh2 50. h4 Rg2 51. Rb3 Kf5 52. Rf3+
Kg4 53. Re3 Rxg3 54. Rxe5 Kxh4 55. Kf2 1/2-1/2

[Event "Mechanics' Spring TNM; 30/90, SD/30"]
[Site "San Francisco"]
[Date "2012.04.24"]
[Round "7.20"]
[White "Jaffray, John"]
[Black "Poling, Scott"]
[Result "1/2-1/2"]
[WhiteElo "2034"]
[BlackElo "1731"]
[PlyCount "64"]
[EventDate "2012.??.??"]

1. e4 e6 2. d4 d5 3. Nc3 Nf6 4. Bg5 Bb4 5. e5 h6 6. Bd2 Bxc3 7. bxc3 Ne4 8. Qg4
g6 9. Bc1 c5 10. Bd3 Qa5 11. Ne2 cxd4 12. Bxe4 dxe4 13. Qxe4 dxc3 14. O-O Nc6
15. Bf4 Ne7 16. Rab1 Nd5 17. Bc1 Bd7 18. Nd4 b5 19. Be3 Rc8 20. Nb3 Qc7 21. Bc5
Bc6 22. Bd6 Qd8 23. Nd4 a6 24. Rbd1 Ba8 25. Nxe6 fxe6 26. Qxg6+ Kd7 27. Qf7+
Kc6 28. Qxe6 Nf4 29. Qf5 Qg5 30. Qe4+ Kb6 31. Qd4+ Kb7 32. Qe4+ Kb6 1/2-1/2

[Event "Mechanics' Summer TNM; 30/90, SD/30"]
[Site "San Francisco"]
[Date "2012.07.03"]
[Round "7.5"]
[White "Jaffray, John"]
[Black "Rumph, Todd"]
[Result "0-1"]
[WhiteElo "2031"]
[BlackElo "2182"]
[Annotator "Donaldson"]
[PlyCount "94"]
[EventDate "2012.??.??"]

1. e4 e5 2. Nf3 Nc6 3. Bb5 a6 4. Ba4 d6 5. c3 Bd7 6. O-O g6 7. d4 b5 8. Bb3 Bg7
9. Bg5 Nf6 10. dxe5 dxe5 11. Nbd2 h6 12. Be3 Qe7 13. Re1 O-O 14. Qe2 Na5 15.
Bc2 Ng4 16. Nf1 Be6 17. b3 Nxe3 18. Nxe3 Rfd8 19. Red1 c6 20. Ne1 Nb7 21. Nd3
a5 22. Nb2 Qc5 23. Nd3 Qb6 24. Nb2 h5 25. Rxd8+ Rxd8 26. Rd1 Bh6 27. Rxd8+ Qxd8
28. Nbd1 Qd6 29. g4 h4 30. Ng2 Bg5 (30... h3 $1) 31. h3 Nc5 32. Nde3 Bc8 33.
Qd1 Qe7 34. Nf1 Ne6 35. Nh2 b4 36. cxb4 axb4 37. Nf3 Qf6 38. Qd3 Ba6 39. Qxa6
Qxf3 40. Qd3 Qf6 41. Qd6 c5 (41... Bc1 $1 {
with the idea of bringing the bishop to d4 was very strong. For example:} 42.
Qxc6 $2 Bb2 43. Bd3 Bd4 44. Qc2 Qf3 {is crushing.}) 42. Bd1 Bf4 43. Be2 Qg7 44.
Bc4 Nd4 45. Nxf4 exf4 46. Qxf4 g5 47. Qd6 Nf3+ {
White is now actually a little better but lost in mutual time pressure.} 0-1

[Event "Mechanics' Spring TNM; 30/90, SD/30"]
[Site "San Francisco"]
[Date "2012.03.27"]
[Round "3.1"]
[White "Jaffray, John"]
[Black "Thornally, Frank"]
[Result "0-1"]
[WhiteElo "2034"]
[BlackElo "2205"]
[Annotator "Donaldson"]
[PlyCount "60"]
[EventDate "2012.??.??"]

1. e4 e5 2. Nf3 Nc6 3. Bb5 a6 4. Ba4 Nf6 5. O-O Nxe4 6. d4 b5 7. Bb3 d5 8. dxe5
Be6 9. c3 Bc5 10. Qe2 O-O 11. Be3 f6 12. Bxc5 Nxc5 13. exf6 Qxf6 14. Nbd2 Rae8
15. Rfe1 Kh8 16. Qf1 Qf4 17. Re3 d4 18. cxd4 Bxb3 19. axb3 $2 (19. Rae1 $1)
19... Rxe3 20. fxe3 Qxe3+ 21. Qf2 Qxf2+ 22. Kxf2 Nd3+ 23. Ke3 Ndb4 24. Rf1 Re8+
25. Kf2 Rd8 26. Kg3 Kg8 27. Rc1 Rd7 28. Nf1 Nxd4 29. Nxd4 Rxd4 30. Rxc7 Rd3+
0-1

[Event "Mechanics' Spring TNM; 30/90, SD/30"]
[Site "San Francisco"]
[Date "2012.04.17"]
[Round "6.31"]
[White "James, Charles"]
[Black "Bayaraa, Chinguun"]
[Result "1-0"]
[WhiteElo "1476"]
[BlackElo "1443"]
[PlyCount "47"]
[EventDate "2012.??.??"]

1. d4 d5 2. c4 e6 3. Nc3 Nf6 4. cxd5 exd5 5. Bg5 Be7 6. f3 Nbd7 7. e3 c6 8. Bd3
h6 9. Bh4 O-O 10. Nge2 Re8 11. Qd2 Bf8 12. Bf2 Nb6 13. O-O Bd6 14. e4 dxe4 15.
fxe4 Bb4 16. Qc2 Qe7 17. a3 Bxc3 18. Nxc3 Ng4 19. Rae1 Nxf2 20. Qxf2 Rf8 21.
Re3 Bg4 22. Rg3 Be6 23. Qf4 f6 24. Qxh6 {Black's flag fell} 1-0

[Event "Mechanics' Mar TNM; 30/90, SD/30"]
[Site "San Francisco"]
[Date "2012.09.25"]
[Round "9.24"]
[White "James, Charles"]
[Black "Bowles, Sam"]
[Result "0-1"]
[WhiteElo "1482"]
[BlackElo "1285"]
[PlyCount "76"]
[EventDate "2012.??.??"]

1. d4 Nf6 2. c4 g6 3. f3 Bg7 4. e4 d6 5. Be3 Nc6 6. Nc3 e6 7. Qd2 a6 8. Nge2
Qe7 9. O-O-O O-O 10. g4 Rb8 11. Ng3 Bd7 12. g5 Nh5 13. Nxh5 gxh5 14. f4 Na7 15.
Be2 b5 16. Rdg1 bxc4 17. Bxc4 Rb4 18. Bxa6 Rfb8 19. Rg2 Rxb2 20. Qxb2 Rxb2 21.
Rxb2 Bc6 22. Rb8+ Bf8 23. d5 exd5 24. Bxa7 dxe4 25. Bc4 e3 26. Re1 d5 27. Nxd5
Bxd5 28. Rxe3 Qd6 29. Bxd5 Qxd5 30. Re2 Qc4+ 31. Rc2 Qxf4+ 32. Kb1 Qxg5 $4 (
32... Kg7 $17) 33. Bc5 $18 Qd5 34. Bxf8 Qd1+ 35. Kb2 Qd4+ 36. Ka3 $4 Qa7+ 37.
Kb2 Qxb8+ 38. Ka1 Kxf8 0-1

[Event "Mechanics' Summer TNM; 30/90, SD/30"]
[Site "San Francisco"]
[Date "2012.07.03"]
[Round "7.23"]
[White "James, Charles"]
[Black "Campers, Willie"]
[Result "0-1"]
[WhiteElo "1475"]
[BlackElo "1660"]
[PlyCount "56"]
[EventDate "2012.??.??"]

1. d4 d5 2. c4 c6 3. Nc3 a6 4. e3 Bf5 5. Qb3 Ra7 6. cxd5 Nf6 7. dxc6 Nxc6 8.
Nf3 e6 9. a3 Bd6 10. Na4 b5 11. Nc5 Bxc5 12. dxc5 O-O 13. Nh4 Be4 14. f3 Bd5
15. Qc2 Na5 16. Bd2 Nb3 17. Rd1 Nd7 18. g3 Nbxc5 19. Bb4 Bb3 20. Qc3 Bxd1 21.
Bxc5 Nxc5 22. Qxc5 Rc7 23. Qd4 Rd7 24. Qe4 Bb3 25. Kf2 Rd2+ 26. Be2 Rxb2 27.
Qd4 Qxd4 28. exd4 Rd8 0-1

[Event "Mechanics' Mar TNM; 30/90, SD/30"]
[Site "San Francisco"]
[Date "2012.09.04"]
[Round "6.27"]
[White "James, Charles"]
[Black "Cole, Tony"]
[Result "0-1"]
[WhiteElo "1482"]
[BlackElo "1604"]
[PlyCount "70"]
[EventDate "2012.??.??"]

1. d4 d5 2. c4 Nf6 3. Nc3 Nc6 4. Nf3 Bf5 5. e3 e6 6. Bd3 Bg4 7. h3 Bh5 8. g4
Bg6 9. Bxg6 hxg6 10. c5 Nxg4 11. Qe2 Qd7 12. Bd2 b6 13. Na4 Na5 14. b3 Nc6 15.
Qa6 Rb8 16. Qd3 bxc5 17. Nxc5 Bxc5 18. dxc5 e5 19. e4 d4 20. Qc4 f5 21. Ng5
fxe4 22. Nxe4 Qf5 23. Qd3 Nb4 24. Bxb4 Rxb4 25. O-O Qh5 26. Kg2 Ne3+ 27. fxe3
Qxh3+ 28. Kf2 dxe3+ 29. Qxe3 Rf8+ 30. Ke2 Qg2+ 31. Rf2 Rxf2+ 32. Kd3 Rd4+ 33.
Qxd4 exd4 34. Kxd4 Rf4 35. Re1 Qf2+ 0-1

[Event "Mechanics' Spring TNM; 30/90, SD/30"]
[Site "San Francisco"]
[Date "2012.04.03"]
[Round "4.20"]
[White "James, Charles"]
[Black "Curto, Barry"]
[Result "0-1"]
[WhiteElo "1476"]
[BlackElo "1902"]
[PlyCount "38"]
[EventDate "2012.??.??"]

1. d4 Nf6 2. c4 g6 3. Nc3 Bg7 4. e4 d6 5. f3 O-O 6. Be3 e5 7. dxe5 dxe5 8. Qxd8
Rxd8 9. Nd5 Nxd5 10. cxd5 c6 11. Bc4 b6 12. Rc1 Bb7 13. dxc6 Nxc6 14. Bd5 Rac8
15. Ne2 Na5 16. Nc3 Ba6 17. b3 Bf8 18. Kf2 Ba3 19. Rc2 Bd3 0-1

[Event "Mechanics' Mar TNM; 30/90, SD/30"]
[Site "San Francisco"]
[Date "2012.08.07"]
[Round "2.19"]
[White "James, Charles"]
[Black "Delaney, Will"]
[Result "0-1"]
[WhiteElo "1482"]
[BlackElo "1800"]
[PlyCount "36"]
[EventDate "2012.??.??"]

1. d4 Nf6 2. c4 g6 3. f3 Bg7 4. e4 d6 5. Nc3 Nc6 6. Be3 O-O 7. Nge2 e5 8. Qd2
Nh5 9. O-O-O f5 10. g3 Nf6 11. h4 fxe4 12. fxe4 Bg4 13. Bg5 Nxd4 14. Bh3 Bxh3
15. Rxh3 Nf3 16. Qe3 Ng4 17. Qd3 Nxg5 18. Qd5+ Nf7 0-1

[Event "Mechanics' Winter TNM; 30/90, SD/30"]
[Site "San Francisco"]
[Date "2012.02.21"]
[Round "8.19"]
[White "James, Charles"]
[Black "Delmonico, Nils"]
[Result "0-1"]
[WhiteElo "1540"]
[BlackElo "1900"]
[PlyCount "70"]
[EventDate "2012.??.??"]

1. d4 e6 2. c4 Nf6 3. Nc3 Bb4 4. Qc2 c5 5. dxc5 Bxc5 6. e3 b6 7. Nf3 Bb7 8. Be2
Be7 9. O-O d6 10. e4 Nbd7 11. b4 a6 12. Bb2 O-O 13. Rfd1 Qc7 14. Rac1 Rac8 15.
Bd3 Rfd8 16. a3 Qb8 17. Qe2 Qa8 18. Nd2 Bf8 19. f4 e5 20. Nd5 exf4 21. Nxf6+
Nxf6 22. Bxf6 gxf6 23. Qg4+ Bg7 24. Rf1 b5 25. Rxf4 bxc4 26. Bc2 Qa7+ 27. Kh1
Qe3 28. Rd1 Qc3 29. Bb1 Bc6 30. Rf3 Qe5 31. Nxc4 Qg5 32. Rg3 Qxg4 33. Rxg4 Bd7
34. Rg3 Rxc4 35. Rxd6 Rc1+ 0-1

[Event "Mechanics' Fall TNM; 30/90, SD/30"]
[Site "San Francisco"]
[Date "2012.12.04"]
[Round "8.13"]
[White "James, Charles"]
[Black "Hakobyan, Sos"]
[Result "0-1"]
[WhiteElo "1497"]
[BlackElo "1880"]
[PlyCount "66"]
[EventDate "2012.??.??"]

1. d4 Nf6 2. c4 c5 3. d5 d6 4. Nc3 Bf5 5. f3 g6 6. e4 Bd7 7. Be3 Bg7 8. Qd2 Na6
9. Be2 O-O 10. h4 h5 11. Nh3 Bxh3 12. Rxh3 Qd7 13. O-O-O Nc7 14. Rg1 a6 15. g4
b5 16. b3 bxc4 17. bxc4 e6 18. Rhg3 exd5 19. cxd5 Nb5 20. Nxb5 axb5 21. Bg5 Ra3
22. Bxf6 Bxf6 23. gxh5 Bd4 24. Rxg6+ fxg6 25. Rxg6+ Kf7 26. Qf4+ Ke8 27. Re6+
Qxe6 28. Bxb5+ Ke7 29. Qxf8+ Kxf8 30. dxe6 Rxa2 31. Bc4 Rf2 32. Bd5 Rxf3 33.
Bc4 Rf4 0-1

[Event "Mechanics' Summer TNM; 30/90, SD/30"]
[Site "San Francisco"]
[Date "2012.07.10"]
[Round "8.26"]
[White "James, Charles"]
[Black "Lazaro, Fernando"]
[Result "1-0"]
[WhiteElo "1475"]
[BlackElo "1588"]
[PlyCount "57"]
[EventDate "2012.??.??"]

1. d4 d5 2. c4 c6 3. Nc3 e6 4. Nf3 Nf6 5. e3 h6 6. Bd3 Be7 7. O-O O-O 8. e4
dxe4 9. Nxe4 Nbd7 10. h3 Qc7 11. Be3 Nxe4 12. Bxe4 Bf6 13. Qd2 g5 14. Nxg5 hxg5
15. Bxg5 Qd8 16. f4 Kg7 17. Rf3 Bxg5 18. Rg3 f5 19. Rxg5+ Kf7 20. Bf3 Nf6 21.
Re1 Rg8 22. Qe3 Bd7 23. b4 Qc7 24. h4 Rxg5 25. fxg5 f4 26. Qd3 Ne8 27. Qh7+ Ng7
28. Bh5+ Ke7 29. Qxg7+ 1-0

[Event "Mechanics' Summer TNM; 30/90, SD/30"]
[Site "San Francisco"]
[Date "2012.05.29"]
[Round "2.9"]
[White "James, Charles"]
[Black "Ledford, Steven"]
[Result "0-1"]
[WhiteElo "1475"]
[BlackElo "1924"]
[PlyCount "98"]
[EventDate "2012.??.??"]

1. d4 Nf6 2. c4 g6 3. Nc3 Bg7 4. f3 d6 5. e4 Nbd7 6. Be3 c6 7. Bd3 e5 8. Nge2
a5 9. a4 exd4 10. Nxd4 Ne5 11. Be2 Qe7 12. Qd2 Be6 13. b3 Nfd7 14. f4 Ng4 15.
Bxg4 Bxg4 16. h3 Qh4+ 17. Bf2 Qh5 18. O-O Be6 19. Nde2 Bxh3 20. gxh3 Qxh3 21.
Rad1 Qg4+ 22. Bg3 O-O 23. Qe3 h5 24. Qf3 Qxf3 25. Rxf3 Nc5 26. Rxd6 Nxb3 27. e5
Rae8 28. Ne4 f5 29. Rxg6 Kh7 30. Rd6 fxe4 31. Rxb3 Rf7 32. Nc3 Bf8 33. Nxe4
Bxd6 34. Ng5+ Kg6 35. Nxf7 Bc5+ 36. Bf2 Bxf2+ 37. Kxf2 Kxf7 38. Rxb7+ Kg6 39.
Rb6 Kf5 40. Kf3 Re6 41. Ra6 h4 42. Rb6 Rg6 43. Rb1 Rg3+ 44. Kf2 Kxf4 45. e6
Rf3+ 46. Kg2 Rg3+ 47. Kh2 Rg8 48. Kh3 Re8 49. Kxh4 Rh8# 0-1

[Event "Mechanics' Fall TNM; 30/90, SD/30"]
[Site "San Francisco"]
[Date "2012.10.30"]
[Round "3.24"]
[White "James, Charles"]
[Black "McCarty Snead, Callaghan"]
[Result "1-0"]
[WhiteElo "1497"]
[BlackElo "1650"]
[PlyCount "77"]
[EventDate "2012.??.??"]

1. d4 d5 2. c4 c6 3. Nc3 Nf6 4. e3 Bf5 5. Qb3 Qb6 6. Qxb6 axb6 7. Nf3 e6 8. Nh4
Bb4 9. Nxf5 exf5 10. f3 Ra3 11. Bd2 Bxc3 12. Bxc3 Ra4 13. b3 Ra8 14. Bd3 dxc4
15. Bxc4 Nd5 16. Bd2 O-O 17. O-O Re8 18. Rfe1 Nd7 19. e4 fxe4 20. Rxe4 N7f6 21.
Re5 Rxe5 22. dxe5 Nd7 23. f4 Re8 24. Re1 f6 25. e6 Nf8 26. f5 Ne7 27. a4 Kh8
28. g4 Rd8 29. Bf4 Rd4 30. Rf1 g6 31. h3 gxf5 32. g5 Re4 33. gxf6 Neg6 34. e7
Nxe7 35. fxe7 Rxe7 36. Bd6 Re8 37. Rxf5 Re1+ 38. Kf2 Rc1 39. Be5# 1-0

[Event "Mechanics' Winter TNM; 30/90, SD/30"]
[Site "San Francisco"]
[Date "2012.01.10"]
[Round "2.25"]
[White "James, Charles"]
[Black "Otterbach, Renate"]
[Result "1-0"]
[WhiteElo "1540"]
[BlackElo "841"]
[PlyCount "55"]
[EventDate "2012.??.??"]

1. d4 d5 2. c4 e6 3. Nc3 Nf6 4. cxd5 exd5 5. Bg5 Be7 6. Qc2 Nc6 7. e3 h6 8. Bh4
O-O 9. a3 Re8 10. Bd3 Ne4 11. Bxe7 Nxe7 12. Nxe4 dxe4 13. Bxe4 f5 14. Bd3 g6
15. Nf3 Nd5 16. Ne5 Qg5 17. f4 Nxe3 18. fxg5 Nxc2+ 19. Bxc2 hxg5 20. O-O-O Kg7
21. Rhe1 Be6 22. d5 Bg8 23. d6 c5 24. d7 Red8 25. Rd6 Kh6 26. Rxg6+ Kh5 27.
Bxf5 Kh4 28. Rh6# 1-0

[Event "Mechanics' Mar TNM; 30/90, SD/30"]
[Site "San Francisco"]
[Date "2012.09.18"]
[Round "8.29"]
[White "James, Charles"]
[Black "Otterbach, Renate"]
[Result "1-0"]
[WhiteElo "1482"]
[BlackElo "700"]
[PlyCount "49"]
[EventDate "2012.??.??"]

1. d4 d5 2. c4 e6 3. Nc3 Bb4 4. Qc2 b6 5. a3 Bd6 6. e4 c6 7. e5 Bc7 8. Nf3 f6
9. Be3 Nd7 10. Bf4 Bb7 11. b4 c5 12. Nb5 Bb8 13. Nd6+ Bxd6 14. exd6 f5 15. Ng5
Qf6 16. O-O-O cxd4 17. Bd3 Rc8 18. Rhe1 e5 19. c5 bxc5 20. b5 Qxd6 21. Bxf5 Ne7
22. Bxd7+ Qxd7 23. Rxe5 Kd8 24. Nf7+ Kc7 25. Rxe7+ 1-0